00475 2200193 4500001002100000005001500021035002000036245003600056100001800092250001000110300003700120700001400157260003600171082001000207084001600217020001900233505001100252990001800263INLIS00000000000417820230308074047 a0010-03230000321 aEkologi Vol 10 /cJohn Woodward0 aJohn Woodward acet 1 a80 hlm. :bilus ;c20,7 29,5 cm.0 aJen Green aBandung. :bPakar Raya.,c2010. a514.4 a514.4 JOH e a978979534764-4 aIndeks a6331/P/S/2013